| 000 | 00759nam a2200253 4500 | ||
|---|---|---|---|
| 001 | 5930 | ||
| 010 | _a9726108195 | ||
| 021 | _b211690/04 | ||
| 090 | _a5930 | ||
| 100 | _a20211231d2004 m y0pory5003 ba | ||
| 200 | 1 |
_aCadernos de Temuco _e1919-1920 _fPablo Neruda _gprol. Victor Farías ; trad. Albano Martins |
|
| 210 | 9 |
_aPorto _cCampo das Letras _d2004 |
|
| 215 | _a251 p. | ||
| 225 | 2 |
_aCampo da poesia _v65 |
|
| 304 | _aTít. orig.: Cuadernos de Temuco | ||
| 606 |
_913 _aLiteratura Estrangeira |
||
| 606 |
_993 _aPoesia |
||
| 675 |
_a821.1/.8 _vBN _zpor |
||
| 700 |
_aNeruda _bPablo _f1904-1973 _94163 |
||
| 702 |
_aMartins _bAlbano _f1930-2018 _9907 |
||
| 702 |
_aFarias _bVictor _95616 |
||
| 801 |
_aPT _bBMVN _gRPC |
||
| 830 |
_cTânia Croca _d31/12/2021 |
||
| 990 | _cLIVROS | ||